000
00305nam a22001337a 4500
003
SGT
020
_a
978-07-619-9459-6
082
_a
150.954
_b
P01P
100
_a
PANDEY, JANAK
245
_a
PSYCHOLOGY IN INDIA REVISITED VOL-2
260
_a
LOS ANGELES
_b
SAGE
_c
2001
300
_a
502
942
_2
ddc
_c
BK
999
_c
18089
_d
18089